COMMENTARIA IN DVODECIM PROPHETAS MINORES /

Main Author: Lapide, Cornelius Cornelii a, 1567-1637
Other Authors: Vitelleschi, Muzio, 1563-1645, Estrix, Aegidius, Spitholdius, Egbertus
Language: Latin
Published: ANTVERPIAE : APVD HIERONIJMVM VERDVSSEN, 1685
Online Access: Digitalizovaný dokument (Exemplář z Bavorské státní knihovny)
Physical Description: 20 nečíslovaných stran, 848 stran, 72 nečíslovaných stran, 2°
Book
Saved in:
LEADER 03574nam a2200613 i 4500
001 mzk03001272040
003 CZ BrMZK
005 20200901093358.0
007 ta
008 200601s1685 be a fr|||||00| ||latod
040 |a BOA001  |b cze  |e rda 
072 7 |a 2-23/-27  |x Bible. Biblistika  |2 Konspekt  |9 5 
072 7 |a 094  |x Staré tisky  |2 Konspekt  |9 12 
080 |a 27-27  |2 MRF 
080 |a 27-242-27  |2 MRF 
080 |a 27-254-273  |2 MRF 
080 |a 025.171  |2 MRF 
080 |a (0.068)094  |2 MRF 
100 1 |a Lapide, Cornelius Cornelii a,  |d 1567-1637  |7 ola2007364640  |4 aut 
245 1 0 |a COMMENTARIA IN DVODECIM PROPHETAS MINORES /  |c Auctore R. P. CORNELIO CORNELII A LAPIDE, è Societate IESV, olim in Louaniensi, post in Romano Collegio Sacrarum Litterarum Professore 
246 3 3 |a COMMENTARIA IN DVODECIM PROPHETAS MINORES 
246 3 3 |a COMMENTARIA IN DUODECIM PROPHETAS MINORES 
246 3 8 |a CORNELII a LAPIDE COMMENTARIORUM IN XII. PROPHETAS MINORES. Tom: VI. 
264 1 |a ANTVERPIAE :  |b APVD HIERONIJMVM VERDVSSEN,  |c 1685 
300 |a 20 nečíslovaných stran, 848 stran, 72 nečíslovaných stran,  |c 2° 
336 |a text  |b txt  |2 rdacontent 
337 |a bez média  |b n  |2 rdamedia 
338 |a svazek  |b nc  |2 rdacarrier 
500 |a Rozsah: [20], 848, [72] s. 
500 |a Výzdoba: Mědirytinový titulní list s vyobrazením apoštolů držících tabule s biblickými verši, mezi nimi je deska s titulním názvem, nad nimi se v nebesích vznáší Bůh Otec držící kříž s ukřižovaným Kristem, kolem nich je množství andělů a symboly evangelistů (sv. Matouš - anděl, sv. Marek - lev, sv. Jan - orel, sv. Lukáš - býk), na nebesích je nápisová páska s textem: GLORIA PATRI ET FILIO ET SPIRITVI SANCTO, iniciály, viněty, linky, dřevořez představující Život a Smrt v rámu (okřídlená lebka s přesýpacími hodinami, pod ní Uroboros, na něm položená olivová ratolest a meč, součástí je nápisová páska s textem: MOMENTVM VNDE PENDET, dále text: AETERNITAS VITAE ET MORTIS ELIGE. Huc crux ducit Huc voluptas), text tištěn převážně dvousloupcově 
561 |a Provenience: [exlibris] Ut Fristes, Semper autem Gaudentes 
561 |a Provenience: [m.p.] Monasterii S. Wenceslai Braunae O. S. B. 
561 |a Provenience: [razítko] Státní vědecká knihovna Hradec Králové 13505 
563 |a Původní usňová vazba, lepenkové desky potažené obílenou vepřovicí s rostlinným a figurálním slepotiskem v rámcích, hlavičky bez legend, ořízka barvená modře, na hřbetě rukopisný nápisový štítek 
630 0 7 |a Bible.  |p Proroci  |7 unn2006374759  |2 czenas 
650 7 |a biblistika  |7 ph118873  |2 czenas 
650 7 |a starozákonní biblistika  |7 ph927548  |2 czenas 
650 7 |a biblické komentáře  |7 ph684318  |2 czenas 
650 7 |a historické knihovní fondy  |7 ph172933  |2 czenas 
655 7 |a staré tisky  |7 fd422076  |2 czenas 
700 1 |a Vitelleschi, Muzio,  |d 1563-1645  |7 jo2004214955  |4 cns 
700 1 |a Estrix, Aegidius  |4 cns 
700 1 |a Spitholdius, Egbertus  |4 cns 
856 4 2 |u https://reader.digitale-sammlungen.de/de/fs1/object/display/bsb10326726_00005.html  |y Digitalizovaný dokument  |z Exemplář z Bavorské státní knihovny 
903 |a RP 
910 |a NAG950  |b B - I. D. 3,6 
978 |b Verdussen, Hieronymus III.  |a Antwerpen  |c 1685 
982 0 |a Broumov - benediktinský klášter 
982 0 |a Hradec Králové - SVK 
984 |a Antverpy  |b Belgie 
985 |a 1651-1700 
990 |a BK 
991 |k broumov 
980 |c 003860  |g B - I. D. 3,6  |1 458950003860  |p I. D. 2